MDQL
is popping MORE tags! Check the
thread
!
Quizzes
Events
Quiz Creation
Community
Videos
Private Events
Remove Ads
Sign In
Join for FREE
Feedback
Dark Mode
Quiz Categories
Sports
Geography
Music
Movies
Television
Just For Fun
Miscellaneous
History
Literature
Language
Science
Gaming
Entertainment
Religion
Holiday
For Kids
Quiz Lab
Recent
Popular Today
Quiz Kudos Today
Editor Picks
Curator Picks
Quizzes by...
Day
Popularity
Type
Ratings
Length
Year
Community
Subscriptions
Recent Discussions
Orange Saloon
Badges
Playlists
Quests
Create
Leaderboards
Showdown
Live 5
Trivia Bingo
Activity
Puzzle Library
Sporcle Events
Private Events
Virtual Trivia
Globe League
Become a Host
Pub Owners
SporcleCon
Opinionation
Our Games
Videos
Blog
Mobile Apps
Partnerships
Remove Ads and Go Orange
Feedback
History
US Presidents
World Leaders
Politics
Nation
Discovery
War
Decade
Year
Century
Biography
Art
History
US Presidents
World Leaders
Politics
Nation
Discovery
War
Decade
Year
Century
Biography
Art
Random Quiz
Search Sporcle
×
Quiz Lab
Quiz Lab
History
War
Type in answers that appear in a list
Type in answers that appear in a list
Classic
Best Score? Go Orange.
US Military Aircraft Stats
Can you name the US military aircraft given the designation?
By
plujan
5m
25 Questions
11.8K Plays
11,815 Plays
11,815 Plays
Comments
Comments
Give Quiz Kudos
Give Quiz Kudos
-
- Ratings
hide this ad
Replay
Link that replays current quiz
Next Quiz
Link to next quiz in quiz playlist
You Got
0%
They Got
Avg Score
69%
Avg Friend Score
Upgrade to see
Score Distribution
Jump to the score distribution portion of the page
Score
0/25
Timer
05:00
7
Plays Today
Designation
Nickname
% Correct
P-
51
Mustang
89.2%
F-
22
Raptor
85%
F-
15
Eagle
84.7%
F-
14
Tomcat
83.8%
F/
A-
18
Hornet
83.3%
SR-
71
Blackbird
82.9%
A-
10
Thunderbolt II
82.1%
F-
16
Fighting Falcon
80.9%
P-
38
Lightning
80.7%
F-
4
Phantom II
79.1%
C-
130
Hercules
75.4%
AH-
64
Apache
72.1%
UH-
1
Iroquois or Huey
71.7%
Designation
Nickname
% Correct
UH-
60
Black Hawk
68.3%
B-
52
Stratofortress
66.9%
F-
117
Nighthawk
65.5%
V-
22
Osprey
63.5%
F-
86
Sabre
61.9%
B-
2
Spirit
60.1%
F-
35
Lightning II
58.5%
B-
1B
Lancer
56.3%
AV-
8B
Harrier II
55.1%
AC-
130
Spectre (AC-130H)/Spooky (AC-130U)
54.8%
EA-
6B
Prowler
48.1%
MQ-
1
Predator
36.4%
Quiz Playlist
Details
Report
Send in Message
Add To Playlist
Classic:
Type in answers that appear in a list
Last Updated: Mar 24, 2017
Quiz Scoreboard
CHALLENGE
Sign Up to Join the Scoreboard
Show All
Scores
Hide
Comments
May contain spoilers
Recently Published
1-10 Letter E Words III
by El_Dandy
Language
2m
Street Fighter Characters
by Artimus82
Gaming
60s
College Basketball Coaching Resumes
by pancakes188
Sports
9m
More to Explore
Quiz From the Vault
Featured Blog Post
Where Did the Easter Bunny Come From?
hide this ad
You Might Also Like...
Tags
War Quiz
Aircraft
designation
Military
nickname
Service
Today's Top Quizzes in History
Browse History
hide this ad
Today's Top Quizzes in War
Browse War
Top Contributed Quizzes in History
1
Popular People in 1991
2
Popular People in 1981
3
Popular People in 1951
4
Popular People in 1941
5
Popular People in 1986
6
Popular People in 1976
7
Popular People in 1921
8
5-to-1: 20th Century Images of War
9
I Am Born On March 28th
10
Popular People in 1946
Explore More
Trending Topics
Anime
Marvel
Crossword
Harry Potter
Disney
NBA
Kpop
Pokémon
NFL
Song
Soccer
Puzzle
WWE
Country
The Office
hide this ad
More By:
plujan
Quiz
Plays
Rating
Category
Featured
Created
US Military Aircraft
11,815
4.27
History
Sep 25, 2009
Bird or Boat?
8,896
4.77
Language
Dec 23, 2016
WWII Aircraft
5,486
3.88
History
Sep 29, 2009
Them's Fighting Words!
2,971
4.70
History
Oct 28, 2013
Battle of Gettysburg
1,942
4.00
History
Oct 22, 2009
Go to Creator's Profile
Score Distribution
Quiz Creator Spotlight
plujan
Follow
Send a Message
Quizzes Created
-
Created Quiz Play Count
-
More By This Creator
Popular Quizzes Today
1
Find the US States - No Outlines Minefield
2
Find the Countries of Europe - No Outlines Minefield
3
The Countries of the World
4
Find the US States
5
Risky Map Clicking: Biggest States A-Z
6
US States
7
Popular People in 1961
8
Movies - When Are They Set?
More History Quizzes
Popular People in 1986
Editor's Pick
Trending Quizzes
Risky Map Clicking: Least Populous States A-Z
USA Borders Longest to Shortest
1-10 Letter G Words
1-10 Letter F Words
Countries of the World: 200 Million BC
Recently Updated
Beyoncé Albums
pecheneg
Leaping Animals
pecheneg
Reality TV Shows (A-Z)
bhenderson79
Rickey Henderson's Hall of Fame Teammates
pecheneg
Champions League XIs: Arsenal
pecheneg
Quick Pick: Celebrities in WWE's Hall of Fame
aduchscher
A-Z Keypad Blitz II
pecheneg
Multiple Oscar Actors
pecheneg
Mystery Phrase Blitz: Oscar 'Best Actors'
pecheneg
F. Scott Fitzgerald Novels
LTH
Trending Topics
Harry Potter
Kpop
Crossword
NBA
Marvel
Anime
Disney
Puzzle
Pokémon
Soccer
The Office
Song
NFL
Country
WWE
Your Account Isn't Verified!
In order to create a playlist on Sporcle, you need to verify the email address you used during registration. Go to your
Sporcle Settings
to finish the process.
Report this User
Report this user for behavior that violates our
Community Guidelines
.
Details:
Send Report
Go to the Sporcle.com Mobile Site →
Comments